000 00293nam a22001337a 4500
008 180216b xxu||||| |||| 00| 0 eng d
020 _a0721625282
041 _aeng
080 _a61
100 _a4
101 _aSHM
245 _aPulmonary function testing
_cSaunders,W.B
942 _2udc
_cBK
999 _c42808
_d42808